Структурированный стеклотканный катализатор дожига органических примесей в отходящих газах; Нефтепереработка: катализаторы и гидропроцессы

מידע ביבליוגרפי
Parent link:Нефтепереработка: катализаторы и гидропроцессы.— 2014.— [С. 145-146]
מחבר תאגידי: Национальный исследовательский Томский политехнический университет (ТПУ) Институт природных ресурсов (ИПР) Кафедра химической технологии топлива и химической кибернетики (ХТТ)
מחברים אחרים: Лопатин С. А., Цырульников П. Г., Котолевич Ю. С., Загоруйко А. Н. Андрей Николаевич
סיכום:Заглавие с экрана
שפה:רוסית
יצא לאור: 2014
סדרה:Стендовые доклады
נושאים:
גישה מקוונת:http://catalysis.ru/resources/institute/Publishing/Report/2014/NTS_NKG-2014.pdf#page=146
פורמט: MixedMaterials אלקטרוני Book Chapter
KOHA link:https://koha.lib.tpu.ru/cgi-bin/koha/opac-detail.pl?biblionumber=638163

MARC

LEADER 00000naa0a2200000 4500
001 638163
005 20250528153250.0
035 |a (RuTPU)RU\TPU\network\2420 
035 |a RU\TPU\network\2393 
090 |a 638163 
100 |a 20141215d2014 k y0rusy50 ca 
101 0 |a rus 
102 |a RU 
135 |a drcn ---uucaa 
181 0 |a i  
182 0 |a b 
200 1 |a Структурированный стеклотканный катализатор дожига органических примесей в отходящих газах  |f С. А. Лопатин [и др.] 
203 |a Текст  |c электронный 
225 1 |a Стендовые доклады 
300 |a Заглавие с экрана 
320 |a [Библиогр.: с. 146 (10 назв.)] 
463 |t Нефтепереработка: катализаторы и гидропроцессы  |o научно-технологический симпозиум, г. Пушкин, г. Санкт-Петербург, 20-23 мая 2014 г. : сборник тезисов докладов  |v [С. 145-146]  |d 2014 
610 1 |a электронный ресурс 
610 1 |a труды учёных ТПУ 
610 1 |a катализаторы 
610 1 |a примеси 
610 1 |a отходящие газы 
701 1 |a Лопатин  |b С. А. 
701 1 |a Цырульников  |b П. Г. 
701 1 |a Котолевич  |b Ю. С. 
701 1 |a Загоруйко  |b А. Н.  |c химик-технолог  |c профессор Томского политехнического университета, доктор технических наук  |f 1962-  |g Андрей Николаевич  |3 (RuTPU)RU\TPU\pers\32445 
712 0 2 |a Национальный исследовательский Томский политехнический университет (ТПУ)  |b Институт природных ресурсов (ИПР)  |b Кафедра химической технологии топлива и химической кибернетики (ХТТ)  |3 (RuTPU)RU\TPU\col\18665 
801 1 |a RU  |b 63413507  |c 20141010 
801 2 |a RU  |b 63413507  |c 20170602  |g RCR 
850 |a 63413507 
856 4 |u http://catalysis.ru/resources/institute/Publishing/Report/2014/NTS_NKG-2014.pdf#page=146 
942 |c CF